000
00290cam a2200121ua 4500
082
_a
828.09
_b
MUR/PR
100
_a
Murray, Middleton J .
_9
1961
245
_a
Problem of Style /
250
_a
1 /
260
_a
London :
_b
Oxford University Press ,
_c
1961.
300
_a
133 ; .
942
_c
BK
999
_c
3505
_d
3505